Statistics for Countries With Eight Letters - Two Minute Sprint

Click here to take the quiz!

General Stats

  • This quiz has been taken 20 times
  • The average score is 11 of 25

Answer Stats

country% Correct
Colombia
88%
Suriname
81%
Kiribati
75%
Paraguay
75%
Thailand
69%
Bulgaria
63%
Honduras
63%
Dominica
56%
Barbados
50%
Cambodia
44%
Ethiopia
44%
Pakistan
44%
Slovakia
44%
Slovenia
44%
Portugal
38%
Zimbabwe
38%
Malaysia
31%
Mongolia
31%
Botswana
25%
Djibouti
25%
Cameroon
19%
Maldives
19%
Sri Lanka
19%
Tanzania
19%
Eswatini
6%

Score Distribution

Percentile by Number Answered

Percent of People with Each Score

Your Score History

You have not taken this quiz